Vũ Tông Phan cuôÌ£c đơÌ€i vaÌ€ thơ văn

Tóm tắt cuôÌ£c đơÌ€i, sưÌ£ nghiêÌ£p vaÌ€ phân tích môÌ£t số baÌ€i thơ, văn của tiến sĩ Vũ Tông Phan. Có keÌ€m theo phâÌ€n nguyên bản chữ Hán vaÌ€ keÌ€m theo niên biểu vaÌ€ tác phẩm của Ông...

Full description

Saved in:
Bibliographic Details
Main Author: Vũ, Thế Khôi
Other Authors: PGS Nguyễn Đức Sâm hiêÌ£u đính
Format: Book
Language:Undetermined
Published: H. Văn hoÌ£c 1995
Subjects:
Online Access:http://lrc.tdmu.edu.vn/opac/search/detail.asp?aID=2&ID=6872
Tags: Add Tag
No Tags, Be the first to tag this record!
Institutions: Trung tâm Học liệu Trường Đại học Thủ Dầu Một
LEADER 01163nam a2200217Ia 4500
001 TDMU_6872
008 210410s9999 xx 000 0 und d
082 |a 895.922 
090 |b V534 
100 |a Vũ, Thế Khôi 
245 0 |a Vũ Tông Phan cuôÌ£c đơÌ€i vaÌ€ thơ văn 
245 0 |c Vũ Thế Khôi (biên khảo, tuyển choÌ£n vaÌ€ diÌ£ch) 
260 |a H. 
260 |b Văn hoÌ£c 
260 |c 1995 
300 |a 338tr 
520 |a Tóm tắt cuôÌ£c đơÌ€i, sưÌ£ nghiêÌ£p vaÌ€ phân tích môÌ£t số baÌ€i thơ, văn của tiến sĩ Vũ Tông Phan. Có keÌ€m theo phâÌ€n nguyên bản chữ Hán vaÌ€ keÌ€m theo niên biểu vaÌ€ tác phẩm của Ông 
650 |a Tác giả tác phẩm; Vũ Tông Phan 
700 |a PGS Nguyễn Đức Sâm hiêÌ£u đính 
856 |u http://lrc.tdmu.edu.vn/opac/search/detail.asp?aID=2&ID=6872 
980 |a Trung tâm Học liệu Trường Đại học Thủ Dầu Một